00557cam a22001337a 4500008004000000082002600040100002500066245009400091260007300185300001100258440005900269650007400328650002100402180718b1992 xxu||||| |||| 00| 0 eng d aA81x54 91/11/PT12B/DH aCensus of India 1991 aKarnataka district census handbook, Dharwad: village and townwise primary census abstract aBangalorebThe Director of Printing, Stationery & Publicationsc1992 a415+p. aCensus of India 1991. Series-11, Karnataka. Part XII-B aCities and towns - Directories - Census - India - Karnataka - Dharwad aDharwad - Census